000 00474nam a2200193Ia 4500
001 73305
008 160622s9999||||xx |||||||||||||| ||und||
020 _a9780393283709
040 _cPK-LaUMT
082 _a 155.82
_bHEI-C
100 _aHeine, Steven J.
245 _aCultural psychology/
_cHeine, Steven J.
250 _a3rd
260 _aNew York,USA:
_bW. W. Norton & Company,
_c2016
300 _a591 p.
546 _aEN
650 _aEthnopsychology
942 _cBK
999 _c86414
_d86414